[Event "N1 Reykjavik Open 2014"]
[Site "Reykjavik ISL"]
[Date "2014.03.05"]
[Round "2.52"]
[White "Finnbogadottir, Tinna Kristin"]
[Black "Englert, Fabian"]
[Result "0-1"]
[BlackTitle "FM"]
[WhiteElo "1921"]
[BlackElo "2317"]
[WhiteFideId "2300214"]
[BlackFideId "24614467"]
[EventDate "2014.03.04"]

1. e4 c5 2. Nc3 Nc6 3. g3 g6 4. Bg2 Bg7 5. d3 d6 6. Be3 Nf6 7. h3 O-O 8. Nge2
Rb8 9. Qd2 b5 10. f4 b4 11. Nd1 Qc7 12. g4 a5 13. Ng3 Ba6 14. g5 Nd7 15. h4 c4
16. h5 c3 17. bxc3 bxc3 18. Qe2 Rb2 19. Bh3 Bxd3 20. Qg4 Nde5 21. fxe5 Nxe5 22.
Qf4 Rxc2 23. hxg6 Be2 24. gxf7+ Rxf7 25. Qxf7+ Kxf7 26. Nxe2 Nf3+ 27. Kf2 Qc4
28. Bf1 Ne5 29. Rxh7 Qxe4 30. Rh3 Qf5+ 31. Kg2 Qg4+ 32. Rg3 Rxe2+ 33. Nf2 Qe4+
34. Kh3 Qxe3 35. Rxe3 Rxe3+ 36. Kg2 Nc6 37. Rc1 Bd4 38. Ng4 Re4 39. Kf3 d5 40.
Kg3 Ne5 41. Nh6+ Kg6 42. Ng8 Re3+ 43. Kg2 Ng4 44. Bb5 Kxg5 45. Bc6 Re2+ 46. Kf1
Rf2+ 47. Ke1 Rg2 48. Rd1 c2 49. Rc1 Rg1+ 50. Kd2 Be3+ 0-1

[Event "N1 Reykjavik Open 2014"]
[Site "Reykjavik ISL"]
[Date "2014.03.05"]
[Round "2.53"]
[White "Bisby, Daniel L"]
[Black "Szalontay, Mihaly"]
[Result "1-0"]
[WhiteTitle "FM"]
[WhiteElo "2314"]
[BlackElo "2066"]
[WhiteFideId "404586"]
[BlackFideId "746967"]
[EventDate "2014.03.04"]

1. e4 d6 2. Nc3 Nf6 3. f4 g6 4. d4 Bg7 5. Nf3 c5 6. dxc5 Qa5 7. Bd3 Qxc5 8. Qe2
Bg4 9. Be3 Qa5 10. O-O O-O 11. h3 Bxf3 12. Qxf3 Nc6 13. Kh1 Rac8 14. a3 Nd7 15.
Bd2 a6 16. Rad1 Qb6 17. Rb1 e6 18. Be3 Qc7 19. Ne2 b5 20. Qf2 Qb7 21. Ng1 Na5
22. Nf3 Nc4 23. Bc1 Nc5 24. b3 Nb6 25. f5 d5 26. f6 Bxf6 27. e5 Bg7 28. Qh4 Nxd3
29. cxd3 d4 30. Bh6 Rc2 31. Rbe1 Nd5 32. Re4 Ne3 33. Bxg7 Kxg7 34. Rg1 Nf5 35.
Qf4 h5 36. Nxd4 Nxd4 37. Rxd4 Rb2 38. b4 Ra2 39. Rd6 Rc8 40. d4 Rcc2 41. Qf6+
Kh6 42. Rd8 Rc8 43. Qh8+ 1-0

[Event "N1 Reykjavik Open 2014"]
[Site "Reykjavik ISL"]
[Date "2014.03.05"]
[Round "2.54"]
[White "Forsa, Elise"]
[Black "Gislason, Gudmundur"]
[Result "1/2-1/2"]
[BlackTitle "FM"]
[WhiteElo "1830"]
[BlackElo "2314"]
[WhiteFideId "1500163"]
[BlackFideId "2300559"]
[EventDate "2014.03.04"]

1. e4 c5 2. d3 b6 3. f4 Bb7 4. Be2 g6 5. Nf3 Bg7 6. O-O Nc6 7. c3 d5 8. Qe1 Qd7
9. a4 Nh6 10. h3 f5 11. e5 d4 12. Na3 Nf7 13. Nc2 Nfd8 14. cxd4 cxd4 15. b4 Ne6
16. h4 Rc8 17. Qd2 Bh6 18. g3 Qd5 19. Qd1 O-O 20. Rf2 Rfd8 21. Bf1 a5 22. b5 Nb4
23. Nxb4 axb4 24. Bg2 Nc5 25. Bb2 Qb3 26. Nxd4 Qxd1+ 27. Rxd1 Bxg2 28. Kxg2 Bf8
29. Rfd2 Nxa4 30. Nc6 Rd5 31. Ra1 Nxb2 32. Rxb2 e6 33. Ra6 Rxb5 34. Na7 Ra8 35.
Nxb5 Rxa6 36. Nc7 Ra3 37. Nxe6 b3 38. Kf3 Bb4 39. Nd4 Ra1 40. Nxb3 Rf1+ 41. Ke3
Rg1 42. Kf2 Rd1 43. Ke2 Re1+ 44. Kf3 Rd1 45. Ke3 Rg1 46. Kf3 Rd1 47. Ke2 Re1+
48. Kf3 1/2-1/2

[Event "N1 Reykjavik Open 2014"]
[Site "Reykjavik ISL"]
[Date "2014.03.05"]
[Round "2.55"]
[White "Hauge, Lars Oskar"]
[Black "Roets, Marius H."]
[Result "1-0"]
[WhiteTitle "FM"]
[WhiteElo "2308"]
[BlackElo "1437"]
[WhiteFideId "1509276"]
[BlackFideId "14304244"]
[EventDate "2014.03.04"]

1. e4 c5 2. Nf3 g6 3. d4 cxd4 4. Nxd4 Nc6 5. c4 Nf6 6. Nc3 d6 7. Nc2 Bg7 8. Be2
O-O 9. O-O Nd7 10. Bd2 a5 11. Na3 Nc5 12. Nab5 Nd4 13. Nxd4 Bxd4 14. Bh6 Bxc3
15. bxc3 Re8 16. Qd4 e5 17. Qe3 Be6 18. f4 exf4 19. Qd4 f6 20. Rxf4 Qe7 21. Rxf6
Rac8 22. Raf1 Rc7 23. e5 dxe5 24. Qxe5 Bf5 25. Qxe7 Rcxe7 26. Bf3 Re1 27. Bd5+
Kh8 28. Rf8+ Rxf8 29. Rxe1 Rc8 30. Re7 1-0

[Event "N1 Reykjavik Open 2014"]
[Site "Reykjavik ISL"]
[Date "2014.03.05"]
[Round "2.56"]
[White "Pajeken, Jakob Leon"]
[Black "Kristinsson, Jon"]
[Result "0-1"]
[WhiteElo "1703"]
[BlackElo "2290"]
[WhiteFideId "12942839"]
[BlackFideId "2300141"]
[EventDate "2014.03.04"]

1. e4 e5 2. Nf3 Nc6 3. Bc4 Nf6 4. Ng5 d5 5. exd5 Na5 6. Bb5+ c6 7. dxc6 bxc6 8.
Qf3 Qc7 9. Ba4 Bd6 10. O-O h6 11. Ne4 Nxe4 12. Qxe4 O-O 13. Nc3 f5 14. Qe2 e4
15. h3 Be6 16. Bb3 Rae8 17. Bxe6+ Rxe6 18. a3 Qf7 19. b4 Nb7 20. d3 Qf6 21. Rb1
Qe5 22. g3 Rfe8 23. Bb2 Qd4 24. Na4 Qd5 25. dxe4 Rxe4 26. Qa6 R4e7 27. Rbd1 Qf3
28. Qc4+ Kh7 29. Qc3 Qh5 30. Kh2 Qg6 31. Rde1 f4 32. Rxe7 Rxe7 33. Qd3 Qxd3 34.
cxd3 Re2 35. Kg1 Kg6 36. gxf4 Bxf4 37. Kg2 Bg5 38. Bc3 Nd6 39. Kf3 Rc2 40. Rd1
Nb5 41. Bb2 Kf7 42. d4 Nc7 43. Re1 Nd5 44. Re5 Bf6 45. Re4 g5 46. Kg2 Nf4+ 47.
Kf3 Nxh3 48. Re2 Ng1+ 0-1

[Event "N1 Reykjavik Open 2014"]
[Site "Reykjavik ISL"]
[Date "2014.03.05"]
[Round "2.57"]
[White "Li, Chao b"]
[Black "Ontiveros, John"]
[Result "1-0"]
[WhiteTitle "GM"]
[WhiteElo "2700"]
[BlackElo "1710"]
[WhiteFideId "8604436"]
[BlackFideId "2303981"]
[EventDate "2014.03.04"]

1. e4 e5 2. Nf3 Nc6 3. Bc4 Nf6 4. Ng5 d5 5. exd5 Na5 6. Bb5+ c6 7. dxc6 bxc6 8.
Bd3 Bc5 9. O-O O-O 10. Nc3 h6 11. Nge4 Nxe4 12. Nxe4 Bb6 13. b4 Nb7 14. Bb2 Bd4
15. c3 Bb6 16. Bc4 Kh8 17. d4 f5 18. Nc5 Nd6 19. Be2 e4 20. f4 Nb7 21. c4 Bc7
22. d5 Bb6 23. Bd4 cxd5 24. cxd5 Nd6 25. Kh1 Bd7 26. a4 Rc8 27. a5 Bxc5 28. Bxc5
Rf6 29. Bxa7 Nb5 30. Bd4 Rd6 31. Be5 Rg6 32. Qd2 Be8 33. Rac1 Rxc1 34. Rxc1 Qh4
35. Qe1 Qxe1+ 36. Rxe1 Nd6 37. Bh5 1-0

[Event "N1 Reykjavik Open 2014"]
[Site "Reykjavik ISL"]
[Date "2014.03.05"]
[Round "2.58"]
[White "Gledura, Benjamin"]
[Black "Morkedal, Oyvind"]
[Result "1-0"]
[WhiteTitle "FM"]
[WhiteElo "2385"]
[BlackElo "1704"]
[WhiteFideId "712779"]
[BlackFideId "1518127"]
[EventDate "2014.03.04"]

1. Nf3 d5 2. g3 c6 3. c4 Nf6 4. Bg2 Bf5 5. cxd5 cxd5 6. Qb3 Qc7 7. Nc3 e6 8. d3
Qb6 9. Be3 Qxb3 10. axb3 Nc6 11. Nd4 Bg6 12. Ndb5 Kd7 13. O-O a6 14. Na4 Rb8 15.
Nd4 Bd6 16. Nb6+ Ke7 17. Nxc6+ bxc6 18. Rxa6 Nd7 19. Ra7 Rhd8 20. Rc1 c5 21.
Nxd7 Rxd7 22. Rxd7+ Kxd7 23. Bxc5 Bxc5 24. Rxc5 Rxb3 25. Rc2 f6 26. Kf1 Kd6 27.
Ke1 Be8 28. Kd2 Ba4 29. Kc1 Rb8 30. Rc3 Bb3 31. e3 Kd7 32. d4 Rb7 33. Bf1 Rc7
34. Kd2 Bc4 35. Bxc4 dxc4 36. b3 cxb3 37. Rxc7+ Kxc7 38. Kc3 Kd6 39. e4 f5 40.
f3 g5 41. g4 f4 42. Kxb3 Kc6 43. Kc4 Kd6 44. d5 1-0

[Event "N1 Reykjavik Open 2014"]
[Site "Reykjavik ISL"]
[Date "2014.03.05"]
[Round "2.59"]
[White "Stigar, Petter"]
[Black "Steingrimsson, Karl Egill"]
[Result "1-0"]
[WhiteTitle "FM"]
[WhiteElo "2237"]
[BlackElo "1663"]
[WhiteFideId "1500341"]
[BlackFideId "2304791"]
[EventDate "2014.03.04"]

1. Nf3 Nc6 2. d4 d5 3. c4 e6 4. Nc3 Bb4 5. Bf4 Nge7 6. e3 O-O 7. Qc2 Ng6 8. Bg3
Re8 9. h4 e5 10. O-O-O Bxc3 11. Qxc3 e4 12. Nd2 Be6 13. h5 Nge7 14. h6 g6 15.
Nxe4 Nf5 16. Bf4 f6 17. Nc5 Nd6 18. Bxd6 cxd6 19. Nxe6 Rxe6 20. cxd5 Na5 21. Kb1
Re7 22. Rc1 b6 23. Ba6 Kf8 24. Rc2 Qd7 25. b4 Nb7 26. Qc6 Rb8 27. Bxb7 Rxb7 28.
Rhc1 Kf7 29. Qxd7 Rbxd7 30. Rc8 g5 31. Rh8 Kg6 32. Rg8+ Kf5 33. Rcc8 Ke4 34.
Rcf8 Kd3 35. Rxf6 Kc3 36. Rc8+ Kxb4 37. Rc6 Re4 38. g3 Ree7 39. Kb2 g4 40. Rf4
Rf7 41. Rc8 a5 42. Rg8 Kc4 43. Rgxg4 Kxd5 44. Kc3 Rfe7 45. Rg5+ Kc6 46. a4 Kb7
47. Rf6 Rc7+ 48. Kd3 Red7 49. e4 Rc1 50. Rg7 Rcc7 51. Rxd7 Rxd7 1-0

[Event "N1 Reykjavik Open 2014"]
[Site "Reykjavik ISL"]
[Date "2014.03.05"]
[Round "2.60"]
[White "Edvardsson, Kristjan"]
[Black "Nordquelle, Daniel"]
[Result "1-0"]
[WhiteElo "2233"]
[BlackElo "1654"]
[WhiteFideId "2300893"]
[BlackFideId "1519042"]
[EventDate "2014.03.04"]

1. d4 e6 2. c4 d5 3. Nf3 f5 4. e3 c6 5. Bd3 Nf6 6. O-O Bd6 7. Nc3 O-O 8. Qc2 Ne4
9. Rb1 Rf6 10. Ne5 Rh6 11. g3 Nd7 12. f3 Nxe5 13. dxe5 Nxc3 14. Qxc3 Bf8 15.
cxd5 Qxd5 16. Bc4 Qd8 17. e4 f4 18. Bxf4 Rg6 19. Kh1 Kh8 20. Be3 Qc7 21. Rbd1 a5
22. f4 c5 23. Be2 b6 24. f5 exf5 25. exf5 Rc6 26. Bf3 Bb7 27. Bf4 c4 28. e6 Qc8
29. Rd7 Ra7 30. Be5 1-0

[Event "N1 Reykjavik Open 2014"]
[Site "Reykjavik ISL"]
[Date "2014.03.05"]
[Round "2.61"]
[White "Gueler, Sebastian"]
[Black "Thorhallsson, Simon"]
[Result "1-0"]
[WhiteElo "2208"]
[BlackElo "1636"]
[WhiteFideId "4618939"]
[BlackFideId "2310090"]
[EventDate "2014.03.04"]

1. d4 d5 2. Nf3 Nf6 3. c4 c6 4. Nc3 dxc4 5. a4 Bf5 6. e3 e6 7. Bxc4 Bb4 8. O-O
O-O 9. Qe2 Bg6 10. Ne5 Nbd7 11. Nxg6 hxg6 12. Rd1 Qa5 13. Na2 Qxa4 14. b3 Qa5
15. Nxb4 Qxb4 16. Ba3 Qb6 17. Bxf8 Rxf8 18. Qa2 a6 19. Qa5 Qxa5 20. Rxa5 Nb6 21.
f3 Rd8 22. Kf2 Ne8 23. e4 Nc7 24. h4 Kf8 25. h5 gxh5 26. Rxh5 Ke7 27. Ke3 g6 28.
Rh7 a5 29. Be2 Nc8 30. Rc1 Na7 31. Rhh1 Nab5 32. Rhd1 Kf6 33. Ra1 Ra8 34. Rd2
Ke7 35. Rda2 Rd8 36. Rd2 Ra8 37. f4 Nc3 38. Bf3 b5 39. Rc2 b4 40. Kd3 N7b5 41.
Ke3 Ra7 42. Rd2 Na3 43. Kd3 a4 44. Rxa3 bxa3 45. Kxc3 axb3 46. Kxb3 1-0

[Event "N1 Reykjavik Open 2014"]
[Site "Reykjavik ISL"]
[Date "2014.03.05"]
[Round "2.62"]
[White "Kristinardottir, Elsa Maria"]
[Black "Abrahams, Daniel"]
[Result "0-1"]
[WhiteElo "1822"]
[BlackElo "2055"]
[WhiteFideId "2300370"]
[BlackFideId "2606879"]
[EventDate "2014.03.04"]

1. e4 d6 2. d4 Nf6 3. Bd3 e5 4. dxe5 dxe5 5. Bb5+ Nbd7 6. Nf3 c6 7. Bd3 Bc5 8.
O-O O-O 9. Nc3 Re8 10. b3 Nf8 11. Bb2 Ng6 12. Ne2 Bg4 13. Ng3 Nh5 14. Kh1 Ngf4
15. h3 Nxd3 16. Qxd3 Qxd3 17. cxd3 Bxf3 18. gxf3 Nf4 19. Rad1 Rad8 20. d4 Bxd4
21. Bxd4 Rxd4 22. Rxd4 exd4 23. Nf5 Rd8 24. Rd1 c5 25. Kh2 g6 26. Nh6+ Kg7 27.
Ng4 h5 28. Ne5 Kf6 29. Nc4 b5 30. e5+ Ke6 31. Nd6 Rxd6 32. exd6 d3 33. Kg3 g5
34. h4 f6 35. hxg5 fxg5 36. Kh2 c4 37. d7 Kxd7 38. bxc4 bxc4 0-1

[Event "N1 Reykjavik Open 2014"]
[Site "Reykjavik ISL"]
[Date "2014.03.05"]
[Round "2.63"]
[White "De Winter, Eric"]
[Black "Robson, Paul E"]
[Result "1/2-1/2"]
[WhiteElo "1804"]
[BlackElo "1915"]
[WhiteFideId "1033069"]
[BlackFideId "424803"]
[EventDate "2014.03.04"]

1. Nf3 g6 2. d4 Bg7 3. e4 c5 4. c3 cxd4 5. cxd4 d5 6. e5 Bg4 7. Be2 Nc6 8. Nc3
e6 9. Be3 Bxf3 10. Bxf3 Nh6 11. g4 Ng8 12. g5 Nge7 13. Qa4 Nf5 14. h4 Qb6 15.
O-O-O Bf8 16. Bxd5 O-O-O 17. Bxc6 bxc6 18. Rd3 h6 19. Ne4 Qb5 20. Qxb5 cxb5 21.
Rc3+ Kb8 22. Kb1 Nxd4 23. Rd1 Nc6 24. Rxd8+ Nxd8 25. Nf6 hxg5 26. Nd7+ Kb7 27.
Bxg5 Nc6 28. Rf3 Rh7 29. Nxf8 Nxe5 30. Nxh7 Nxf3 31. Nf6 Kc6 32. Kc2 Kd6 33. Kd3
Ne5+ 34. Ke4 Nc4 35. b3 Na5 36. Bd2 Nc6 37. h5 gxh5 38. Nxh5 f5+ 39. Kd3 e5 40.
Ng7 f4 41. Nf5+ Kd5 42. f3 a5 43. a3 a4 44. b4 Nd8 45. Ne7+ Kd6 46. Ng6 Nf7 47.
Bc3 Kd5 48. Ne7+ Kd6 49. Ng6 Kd5 50. Bb2 Ke6 51. Bc1 Ng5 52. Bxf4 exf4 53. Nxf4+
Kd6 54. Ke3 Nf7 55. Nd3 Kd5 56. Nb2 Ne5 57. f4 Ng4+ 58. Kd3 Nf2+ 59. Ke2 Ne4 60.
Kd3 Nf2+ 61. Ke3 Ng4+ 1/2-1/2

[Event "N1 Reykjavik Open 2014"]
[Site "Reykjavik ISL"]
[Date "2014.03.05"]
[Round "2.64"]
[White "Thorgeirsson, Jon Kristinn"]
[Black "Petersson, Baldur Teodor"]
[Result "1-0"]
[WhiteElo "1883"]
[BlackElo "1624"]
[WhiteFideId "2307731"]
[BlackFideId "2309157"]
[EventDate "2014.03.04"]

1. e4 c5 2. Nf3 e6 3. d4 cxd4 4. Nxd4 a6 5. c4 Nf6 6. Nc3 Bb4 7. Qd3 Bxc3+ 8.
bxc3 Qc7 9. f4 d6 10. Ba3 Nbd7 11. Nb3 Nc5 12. Bxc5 dxc5 13. e5 Nd7 14. Qg3 O-O
15. Bd3 Rd8 16. Rd1 b6 17. Qh4 h6 18. O-O Bb7 19. Na1 Nf8 20. Nc2 Rd7 21. Be2
Rad8 22. Rxd7 Rxd7 23. Qe1 Ng6 24. Bg4 Ne7 25. Ne3 Qd8 26. Rf2 Be4 27. Nf1 Bd3
28. Be2 Bxe2 29. Rxe2 Nf5 30. Kf2 Rd1 31. Rd2 Rxd2+ 32. Qxd2 Qxd2+ 33. Nxd2 Ne7
34. Ne4 Nc8 35. g4 Kf8 36. h4 Ke7 37. Ke3 Kd7 38. h5 Ke7 39. g5 Kd7 40. Nf6+ 1-0

[Event "N1 Reykjavik Open 2014"]
[Site "Reykjavik ISL"]
[Date "2014.03.05"]
[Round "2.65"]
[White "Eliasson, Kristjan Orn"]
[Black "Bagi, Mate"]
[Result "0-1"]
[BlackTitle "FM"]
[WhiteElo "1875"]
[BlackElo "2385"]
[WhiteFideId "2301784"]
[BlackFideId "742570"]
[EventDate "2014.03.04"]

1. e4 e5 2. Nf3 Nc6 3. d4 exd4 4. Nxd4 Nf6 5. Nxc6 bxc6 6. e5 Qe7 7. Qe2 Nd5 8.
c4 Ba6 9. Qe4 Nb4 10. Na3 g6 11. h4 Bg7 12. f4 O-O 13. b3 d6 14. c5 Bxf1 15.
Kxf1 Nd5 16. cxd6 cxd6 17. Bb2 dxe5 18. fxe5 f6 19. Nc4 fxe5+ 20. Kg1 Rf4 21.
Qe1 e4 22. Ba3 Bd4+ 0-1

[Event "N1 Reykjavik Open 2014"]
[Site "Reykjavik ISL"]
[Date "2014.03.05"]
[Round "2.66"]
[White "Johannsdottir, Johanna Bjorg"]
[Black "Bekker-Jensen, David"]
[Result "1/2-1/2"]
[BlackTitle "FM"]
[WhiteElo "1865"]
[BlackElo "2299"]
[WhiteFideId "2303108"]
[BlackFideId "1403095"]
[EventDate "2014.03.04"]

1. e4 e5 2. Nf3 Nc6 3. Bc4 Bc5 4. c3 Nf6 5. d3 a6 6. Bb3 d6 7. Nbd2 Be6 8. Bc2
d5 9. exd5 Bxd5 10. O-O O-O 11. Re1 Re8 12. Ne4 Nxe4 13. dxe4 Bc4 14. Bg5 Qxd1
15. Raxd1 f6 16. Be3 Bxe3 17. Rxe3 Na5 18. b3 Be6 19. h3 b5 20. Red3 Nb7 21. Nh4
g6 22. R3d2 a5 23. Bd3 Nd6 24. Nf3 Kf7 25. Bc2 a4 26. Ne1 axb3 27. axb3 Ra2 28.
f3 Rea8 29. Rb1 R2a6 30. Bd1 Rc6 31. Rd3 Ra3 32. Re3 Rca6 33. Kf2 Nb7 34. Nd3
Ra1 35. Rxa1 Rxa1 36. Ke2 Ra2+ 37. Ke1 Rxg2 38. f4 Rh2 39. fxe5 Rxh3 40. Rxh3
Bxh3 41. exf6 Kxf6 42. e5+ Ke7 43. Bf3 Nd8 44. Nc5 Nf7 45. Bc6 b4 46. cxb4 Nxe5
47. Be4 Bd7 48. Kf2 Bb5 49. Kg3 Kf6 50. Bd5 Nd3 51. Ne4+ Ke5 52. Nc3 Bd7 53. Bg8
h5 54. b5 g5 55. Nd5 h4+ 56. Kh2 Kd6 57. b6 cxb6 58. Nxb6 Bf5 59. Nc4+ Kc5 60.
Ne3 Bd7 61. Bh7 Nf4 62. Nf1 g4 63. Be4 Kd4 64. Bb7 Kc3 65. Kg1 Kd3 66. Kf2 Nh3+
67. Kg2 Ke2 68. Ba6+ Ke1 69. b4 Bc6+ 70. Kh2 g3+ 71. Nxg3 Ng5 72. Nf1 Kf2 73.
Nd2 Bg2 74. Bc8 h3 75. Bxh3 Nxh3 76. Ne4+ Bxe4 1/2-1/2

[Event "N1 Reykjavik Open 2014"]
[Site "Reykjavik ISL"]
[Date "2014.03.05"]
[Round "2.67"]
[White "Traustason, Ingi Tandri"]
[Black "Barthel, Ansgar"]
[Result "1-0"]
[WhiteElo "1854"]
[BlackElo "2229"]
[WhiteFideId "2302934"]
[BlackFideId "4643461"]
[EventDate "2014.03.04"]

1. d4 Nf6 2. c4 g6 3. Nc3 Bg7 4. e4 d6 5. f4 O-O 6. Nf3 Na6 7. Bd3 Bg4 8. O-O
Nd7 9. Be3 e5 10. fxe5 c5 11. d5 Nxe5 12. Be2 Nxf3+ 13. Bxf3 Bd7 14. Qd2 Be5 15.
Bg5 f6 16. Be3 Nc7 17. Bf4 Qe7 18. Rab1 Rab8 19. Bxe5 Qxe5 20. a4 Na6 21. Rbd1
Nb4 22. b3 a6 23. Na2 Nxa2 24. Qxa2 Qc3 25. Rf2 Kg7 26. Qc2 Qxc2 27. Rxc2 b5 28.
axb5 axb5 29. Ra2 bxc4 30. bxc4 Rfd8 31. Ra7 Kf8 32. Rda1 Rb4 33. R1a6 Be8 34.
Rxh7 Rxc4 35. Raa7 Kg8 36. h3 f5 37. exf5 gxf5 38. h4 Rc1+ 39. Kh2 c4 40. h5 1-0

[Event "N1 Reykjavik Open 2014"]
[Site "Reykjavik ISL"]
[Date "2014.03.05"]
[Round "2.68"]
[White "Berg, Runar"]
[Black "Sigurdarson, Emil"]
[Result "1/2-1/2"]
[WhiteElo "2117"]
[BlackElo "1867"]
[WhiteFideId "2302306"]
[BlackFideId "2304163"]
[EventDate "2014.03.04"]

1. d4 d5 2. c4 c6 3. Nf3 Nf6 4. Nc3 dxc4 5. a4 Bf5 6. e3 e6 7. Bxc4 Bb4 8. O-O
Nbd7 9. Qe2 O-O 10. h3 h6 11. Rd1 Qa5 12. Bd2 Qc7 13. Bd3 Bxd3 14. Qxd3 Be7 15.
Rac1 Rfd8 16. Qc4 Rac8 17. Be1 Nb6 18. Qb3 Nbd7 19. Qc4 Nb6 20. Qa2 Nbd5 21.
Nxd5 exd5 22. a5 Ne4 23. Rc2 a6 24. Rdc1 Qd7 25. Qa4 Bf6 26. Qb3 Nd6 27. Bb4 Nb5
28. Bc5 Qf5 29. Qb4 Rd7 30. Qd2 Re8 31. Rd1 g5 32. Qd3 Qe6 33. Nh2 Kg7 34. Re2
Bd8 35. b4 Bc7 36. Rde1 f5 37. Nf1 Rf7 38. f3 Qf6 39. Qd2 Na3 40. Qd3 Nc4 41.
Rf2 h5 42. Ree2 Qe6 43. g3 Rf6 44. Kg2 Rg6 45. Kg1 Bb8 1/2-1/2

[Event "N1 Reykjavik Open 2014"]
[Site "Reykjavik ISL"]
[Date "2014.03.05"]
[Round "2.69"]
[White "Thorsteinsdottir, Gudlaug"]
[Black "Rache, Ralf"]
[Result "1/2-1/2"]
[WhiteTitle "WFM"]
[WhiteElo "2056"]
[BlackElo "1862"]
[WhiteFideId "2300753"]
[BlackFideId "1270447"]
[EventDate "2014.03.04"]

1. d4 Nf6 2. c4 g6 3. Nc3 d5 4. Nf3 Bg7 5. Bf4 O-O 6. e3 c5 7. Qb3 dxc4 8. Bxc4
Nc6 9. dxc5 Na5 10. Qb4 Nxc4 11. Qxc4 Be6 12. Qb5 Qc8 13. O-O a6 14. Qb4 Nd5 15.
Nxd5 Bxd5 16. e4 a5 17. Qa4 Bc6 18. Qb3 Bxe4 19. Rfe1 Bxf3 20. Qxf3 Qxc5 21.
Qxb7 Ra7 22. Qf3 Qc2 23. Re2 Qa4 24. b3 Qd4 25. Rc1 Qf6 26. Qg3 Rd7 27. h3 Rfd8
28. Rce1 h6 29. Be5 Qc6 30. Bxg7 Kxg7 31. Rxe7 Rxe7 32. Rxe7 Qc1+ 33. Kh2 Rd5
34. a4 Qb2 35. Rc7 Rf5 36. f4 Qd2 37. Rc4 h5 38. Qf3 Qb2 39. h4 Qd2 40. Kg3 Qe1+
41. Qf2 Qe6 42. Qd4+ Rf6 43. Kf2 Qg4 44. g3 Qh3 45. Rc3 Qh2+ 46. Kf3 Qh3 47. Qe5
Qd7 48. Ke2 Qb7 49. Kd3 Qa6+ 50. Kc2 Kh7 51. Qe7 Qb6 52. Qc5 Qe6 53. Kb2 Rf5 54.
Qc4 Rd5 55. Rc2 Qd7 56. Qc6 Qd8 57. Qc7 Qf6+ 58. Qc3 Qd8 59. Qf3 Rd3 60. Qf2 Qd5
61. Qb6 Rxg3 62. Qb5 Qd4+ 63. Ka3 Rg1 64. Qxa5 Ra1+ 65. Ra2 Qd6+ 66. Kb2 Qd4+
67. Ka3 Qd6+ 68. Kb2 Qd4+ 1/2-1/2

[Event "N1 Reykjavik Open 2014"]
[Site "Reykjavik ISL"]
[Date "2014.03.05"]
[Round "2.70"]
[White "Karlsson, Mikael Johann"]
[Black "Sjol, Henrik"]
[Result "1-0"]
[WhiteElo "2051"]
[BlackElo "1853"]
[WhiteFideId "2305194"]
[BlackFideId "1505629"]
[EventDate "2014.03.04"]

1. c4 c6 2. g3 d5 3. Nf3 dxc4 4. a4 a5 5. Bg2 Nd7 6. Na3 Nb6 7. Qc2 Qd5 8. e4
Qd3 9. Qxd3 cxd3 10. b3 Nf6 11. Ne5 Be6 12. Nxd3 Nbd7 13. Rb1 g6 14. Nc2 Bg7 15.
Nd4 Nf8 16. Nc5 Bc8 17. Bb2 N8d7 18. Nd3 O-O 19. f4 Rd8 20. Ke2 Nf8 21. Ne5 Ra6
22. Bc3 Ne6 23. Nc2 Nc5 24. d3 Nfd7 25. d4 Nxe5 26. fxe5 Ne6 27. Ke3 Bh6+ 28.
Ke2 Bg7 29. Rhd1 Nc7 30. Ne3 b5 31. Rbc1 Bh6 32. Bf3 b4 33. Ba1 Ne6 34. h4 Bg7
35. Kf2 c5 36. d5 Nd4 37. Bxd4 cxd4 38. Nc4 f6 39. e6 f5 40. e5 Ra7 41. Rxd4
Bxe6 42. Rcd1 Bc8 43. d6 exd6 44. Rxd6 Rxd6 45. exd6 Kf8 46. Bc6 Bd7 47. Nxa5
Rxa5 48. Bxd7 Rc5 49. Bb5 Rc2+ 50. Kf3 Bf6 51. d7 Bd8 52. Re1 Rc3+ 53. Kg2 Bc7
54. Re8+ Kg7 55. d8=Q Bxd8 56. Rxd8 Rxb3 57. Rb8 Rb2+ 58. Kh3 Rc2 59. Bd7 Rc7
60. Be6 Rc6 61. Bd5 Rc5 62. Rb5 Rc3 63. Rxb4 Kf6 64. Bg8 h6 65. Rb3 Rc8 66. Bd5
Rc5 67. Bf3 g5 68. g4 gxh4 69. gxf5 Rc4 70. Ra3 Kxf5 71. a5 Rc7 72. a6 Ra7 73.
Bb7 1-0

[Event "N1 Reykjavik Open 2014"]
[Site "Reykjavik ISL"]
[Date "2014.03.05"]
[Round "2.71"]
[White "Englert, Fred"]
[Black "Pupols, Viktors"]
[Result "0-1"]
[WhiteElo "1845"]
[BlackElo "2049"]
[WhiteFideId "24666688"]
[BlackFideId "2008009"]
[EventDate "2014.03.04"]

1. c4 Nf6 2. Nf3 e6 3. g3 d5 4. Bg2 Nbd7 5. Qc2 c6 6. O-O Be7 7. d4 b6 8. b3 O-O
9. Nc3 Ba6 10. Ne5 Nxe5 11. dxe5 Nd7 12. cxd5 cxd5 13. f4 Rc8 14. Qb2 Bc5+ 15.
Kh1 Bd4 16. Bd2 Bxe2 17. Rfe1 Bh5 18. Rac1 Nc5 19. Qa3 Nd3 20. Nb5 Rxc1 21. Rxc1
Bb2 22. Qxa7 Bxc1 23. Bc3 Be3 24. h3 Qa8 25. a4 Qxa7 26. Nxa7 Bd1 27. Bf1 Nc5
28. b4 Nxa4 0-1

[Event "N1 Reykjavik Open 2014"]
[Site "Reykjavik ISL"]
[Date "2014.03.05"]
[Round "2.72"]
[White "Runarsson, Gunnar"]
[Black "Stefansson, Vignir Vatnar"]
[Result "0-1"]
[WhiteElo "2048"]
[BlackElo "1844"]
[WhiteFideId "2301768"]
[BlackFideId "2308649"]
[EventDate "2014.03.04"]

1. d4 Nf6 2. Nc3 d5 3. Bg5 Bf5 4. f3 Nbd7 5. e3 h6 6. Bh4 c6 7. Bd3 Bxd3 8. Qxd3
e5 9. Nge2 Be7 10. O-O O-O 11. e4 exd4 12. Nxd4 Ne5 13. Qe2 dxe4 14. Nb3 Qc7 15.
Bxf6 exf3 16. Qxe5 Qb6+ 17. Rf2 Bxf6 18. Qc5 Qxc5 19. Nxc5 Bd4 20. Nb3 Bxf2+ 21.
Kxf2 fxg2 22. Kxg2 Rad8 23. Rd1 b6 24. Kf3 g5 25. Re1 c5 26. Re2 f5 27. a4 Rd7
28. a5 Rfd8 29. axb6 axb6 30. Re6 c4 31. Nc1 Rd6 32. Re2 Rd2 33. b3 R2d4 34. Nb5
Rf4+ 35. Kg2 Rd1 36. Na2 Rg4+ 37. Kf2 Rh1 38. Kf3 Rh4 39. bxc4 Rh3+ 40. Kf2 f4
41. Re6 R1xh2+ 42. Kg1 f3 43. Re8+ Kh7 44. Re7+ Kg6 45. Re6+ Kh5 0-1

[Event "N1 Reykjavik Open 2014"]
[Site "Reykjavik ISL"]
[Date "2014.03.05"]
[Round "2.73"]
[White "Raddatz, Michael"]
[Black "Johansen, Arnt-Ole"]
[Result "1-0"]
[WhiteElo "2044"]
[BlackElo "1829"]
[WhiteFideId "4613252"]
[BlackFideId "1516728"]
[EventDate "2014.03.04"]

1. e4 c5 2. Nf3 Nc6 3. Nc3 Nf6 4. Bc4 e6 5. Qe2 d6 6. d3 Be7 7. Bg5 O-O 8. O-O
e5 9. Bxf6 Bxf6 10. h3 g6 11. a3 a6 12. Nd5 Bg7 13. c3 b5 14. Ba2 Rb8 15. Rac1
Ne7 16. Ne3 Bb7 17. c4 Bh6 18. Rc2 Kh8 19. Ng4 Bg7 20. cxb5 axb5 21. Ng5 Qe8 22.
f4 f5 23. fxe5 dxe5 24. Rxc5 Nc6 25. Qf2 Nd4 26. Nxh7 Qe7 27. Nxf8 Rxf8 28. Rc7
Qg5 29. Rxb7 Rc8 30. Ne3 Bh6 31. exf5 Qxe3 32. fxg6 Ne2+ 33. Kh1 1-0